| 000 | 00311cam a2200121ua 4500 | ||
|---|---|---|---|
| 082 |
_a150.1 _bKAR/IN |
||
| 100 |
_aKarn, Harry W . _91465 |
||
| 245 | _aIntroduction to Psychology / | ||
| 260 |
_aNew Delhi : _bWiley Eastern Ltd , _c1960. |
||
| 300 | _a315 ; . | ||
| 700 | 1 |
_aWeitz, Joseph . _91466 |
|
| 942 | _cREF | ||
| 999 |
_c10142 _d10142 |
||